30 Biggest Cities in Croatia - Statistics

General Stats
  • This quiz has been taken 293 times
  • The average score is 19 of 30
Answer Stats
Lp City Population % Correct
1. Zagreb 790 017
100%
2. Split 178 102
98%
3. Rijeka 128 624
95%
13. Dubrovnik 42 615
94%
5. Zadar 75 062
94%
4. Osijek 108 048
91%
8. Pula 57 460
88%
12. Šibenik 46 332
80%
9. Karlovac 55 705
79%
20. Vukovar 27 683
78%
7. Slavonski Brod 59 141
77%
11. Varaždin 46 946
76%
10. Sisak 47 768
67%
17. Vinkovci 35 312
64%
14. Bjelovar 40 276
58%
6. Velika Gorica 63 517
58%
21. Čakovec 27 104
56%
18. Koprivnica 30 854
55%
22. Požega 26 248
53%
28. Virovitica 21 291
53%
19. Đakovo 27 745
49%
16. Samobor 37 633
46%
23. Zaprešić 25 223
45%
24. Sinj 24 826
41%
25. Petrinja 24 671
39%
27. Kutina 22 760
38%
29. Križevci 21 122
37%
15. Kaštela 38 667
33%
26. Solin 23 926
33%
30. Sveta Nedelja 18 059
21%
No matching quizzes found
Score Distribution
Percent of People with Each Score
Percentile by Number Answered
Your Score History
You have not taken this quiz